Mexico's struggle for public security (Record no. 656508)

MARC details
000 -LEADER
fixed length control field 00891nam a2200253Ia 4500
003 - CONTROL NUMBER IDENTIFIER
control field OSt
005 - DATE AND TIME OF LATEST TRANSACTION
control field 20220926033241.0
008 - FIXED-LENGTH DATA ELEMENTS--GENERAL INFORMATION
fixed length control field 220923b |||||||| |||| 00| 0 eng d
020 ## - INTERNATIONAL STANDARD BOOK NUMBER
International Standard Book Number 9781137034045
037 ## - SOURCE OF ACQUISITION
Terms of availability General Book
040 ## - CATALOGING SOURCE
Original cataloging agency RTL
Transcribing agency RTL
Language of cataloging eng
041 ## - LANGUAGE CODE
Source of code eng
Language code of text/sound track or separate title eng
100 ## - MAIN ENTRY--PERSONAL NAME
Personal name PHILIP George
9 (RLIN) 338868
245 #0 - TITLE STATEMENT
Title Mexico's struggle for public security
Remainder of title Organized crime and state response
260 ## - PUBLICATION, DISTRIBUTION, ETC.
Place of publication, distribution, etc. U.K.
Name of publisher, distributor, etc. Palgrave Macmillan
Date of publication, distribution, etc. 2012
300 ## - PHYSICAL DESCRIPTION
Extent xvii, 204p
Dimensions cm.
500 ## - GENERAL NOTE
General note Bibliography: P247-275
700 ## - ADDED ENTRY--PERSONAL NAME
Personal name BERRUECOS Susana
9 (RLIN) 338869
942 ## - ADDED ENTRY ELEMENTS (KOHA)
Classification part V74:1941.P06, Q2
Koha item type General Books
Source of classification or shelving scheme Colon Classification (CC)
Holdings
Withdrawn status Lost status Damaged status Not for loan Home library Current library Date acquired Source of acquisition Cost, normal purchase price Total Checkouts Full call number Barcode Date last seen Cost, replacement price Price effective from Koha item type
        Ratan Tata Library Ratan Tata Library 2022-09-26 8227, 05/10/2017, Efficient Book Distributors 3319.09   V74:1941.P06 Q2 RT1500606 2022-09-26 3319.09 2022-09-26 General Books
Copyright @ Delhi University Library System